000 00333nam a2200133Ia 4500
008 240112s1972 JULY xx 000 0 und d
041 _aeng
082 _a618.05
100 _aFARBER S.J.
245 _aAMERICAN JOU. OF MEDICAL SCIENCE
260 _bCHARLES B. SLACK INS.PUB.
_c1972 JULY
300 _a514,HB
440 _v264
999 _c1142002
_d1142002